|
|
|
|
| LEADER |
00000nam0a2200000 4500 |
| 001 |
324269 |
| 005 |
20231102003642.0 |
| 035 |
|
|
|a (RuTPU)RU\TPU\book\349867
|
| 090 |
|
|
|a 324269
|
| 100 |
|
|
|a 20161111d1957 k y0rusy50 ca
|
| 101 |
1 |
|
|a rus
|c eng
|
| 102 |
|
|
|a RU
|
| 105 |
|
|
|a a z 001zy
|
| 200 |
1 |
|
|a Алюмогидрид лития и его применение в органической химии
|e пер. с англ.
|f В. Мичович, М. Михайлович
|
| 210 |
|
|
|a Москва
|c Изд-во иностранной литературы
|d 1957
|
| 215 |
|
|
|a 258 с.
|c ил.
|
| 320 |
|
|
|a Библиогр.: с. 179-236
|
| 320 |
|
|
|a Предметный указатель: с. 237-253
|
| 606 |
1 |
|
|a Химические реактивы
|2 stltpush
|3 (RuTPU)RU\TPU\subj\73363
|9 86395
|
| 610 |
1 |
|
|a органическая химия
|
| 610 |
1 |
|
|a алюмогидрид лития
|
| 610 |
1 |
|
|a образование
|
| 610 |
1 |
|
|a свойства
|
| 610 |
1 |
|
|a реакции
|
| 610 |
1 |
|
|a неорганические соединения
|
| 610 |
1 |
|
|a металлоорганические соединения
|
| 610 |
1 |
|
|a альдегиды
|
| 610 |
1 |
|
|a кетоны
|
| 610 |
1 |
|
|a хиноны
|
| 610 |
1 |
|
|a карбоновые кислоты
|
| 610 |
1 |
|
|a сложные эфиры
|
| 610 |
1 |
|
|a хлорангидриды
|
| 610 |
1 |
|
|a лактоны
|
| 610 |
1 |
|
|a ангидриды
|
| 610 |
1 |
|
|a окиси
|
| 610 |
1 |
|
|a озониды
|
| 610 |
1 |
|
|a перекиси
|
| 610 |
1 |
|
|a нитросоединения
|
| 610 |
1 |
|
|a оксимы
|
| 610 |
1 |
|
|a галоидные соединения
|
| 610 |
1 |
|
|a сера
|
| 610 |
1 |
|
|a органические соединения
|
| 610 |
1 |
|
|a механизм восстановления
|
| 675 |
|
|
|a 543-4
|v 4
|
| 700 |
|
1 |
|a Мичович
|b В.
|
| 701 |
|
1 |
|a Михайлович
|b М.
|
| 801 |
|
1 |
|a RU
|b 63413507
|c 20161111
|
| 801 |
|
2 |
|a RU
|b 63413507
|c 20200730
|g RCR
|
| 942 |
|
|
|c BK
|